000 00926cam a22002534a 4500
001 13873415
005 20250122140911.0
008 050215s2005 nyua b 001 0 eng
020 _a9780071435093
050 0 0 _aRA409
_b.G55 2005
082 0 0 _a610/.72/7
_222
100 1 _aGlantz, Stanton A.
245 1 0 _aPrimer of biostatistics /
_cStanton A. Glantz.
250 _a6th ed.
260 _aNew York :
_bMcGraw-Hill Medical Pub.,
_cc2005.
300 _axx, 520 p. :
_bill. ;
_c21 cm.
650 0 _aMedical statistics.
650 0 _aBiometry.
650 1 2 _aBiometry.
856 4 2 _3Contributor biographical information
_uhttp://www.loc.gov/catdir/enhancements/fy0623/2005041630-b.html
856 4 2 _3Publisher description
_uhttp://www.loc.gov/catdir/enhancements/fy0623/2005041630-d.html
856 4 1 _3Table of contents only
_uhttp://www.loc.gov/catdir/enhancements/fy0623/2005041630-t.html
942 _2lcc
_cBK
_e6th ed.
_n0
999 _c2805
_d2805